Subject headings for real estate libraries (Record no. 113132)
[ view plain ]
| 000 -LEADER | |
|---|---|
| fixed length control field | 00675cam a22002175a 4500 |
| 001 - CONTROL NUMBER | |
| control field | L154756 |
| 008 - FIXED-LENGTH DATA ELEMENTS--GENERAL INFORMATION | |
| fixed length control field | 120117s1988 xxk f 000 0 eng d |
| 035 ## - SYSTEM CONTROL NUMBER | |
| System control number | (Sirsi) u154756 |
| 041 0# - LANGUAGE CODE | |
| Language code of text/sound track or separate title | eng |
| 110 2# - MAIN ENTRY--CORPORATE NAME | |
| Corporate name or jurisdiction name as entry element | National Association of Realtors |
| 9 (RLIN) | 895 |
| 245 00 - TITLE STATEMENT | |
| Title | Subject headings for real estate libraries |
| 250 ## - EDITION STATEMENT | |
| Edition statement | 6th ed. |
| 260 ## - PUBLICATION, DISTRIBUTION, ETC. | |
| Place of publication, distribution, etc. | Chicago |
| Name of publisher, distributor, etc. | NAR |
| Date of publication, distribution, etc. | [1988] |
| 300 ## - PHYSICAL DESCRIPTION | |
| Extent | 239p. |
| Other physical details | spiral bound |
| Dimensions | 28cm. |
| 520 ## - SUMMARY, ETC. | |
| Summary, etc. | A list of subject terms in use at the National Association of Realtors Library in 1988. |
| 651 #4 - SUBJECT ADDED ENTRY--GEOGRAPHIC NAME | |
| Geographic name | United States |
| Chronological subdivision | 1959- |
| 690 ## - LOCAL SUBJECT ADDED ENTRY--TOPICAL TERM (OCLC, RLIN) | |
| Topical term or geographic name as entry element | Commercial property |
| 9 (RLIN) | 6227 |
| 690 ## - LOCAL SUBJECT ADDED ENTRY--TOPICAL TERM (OCLC, RLIN) | |
| Topical term or geographic name as entry element | Residential property |
| 9 (RLIN) | 6266 |
| 690 ## - LOCAL SUBJECT ADDED ENTRY--TOPICAL TERM (OCLC, RLIN) | |
| Topical term or geographic name as entry element | Valuation |
| 9 (RLIN) | 6273 |
| 942 ## - ADDED ENTRY ELEMENTS (KOHA) | |
| Suppress in OPAC | 0 |
| Withdrawn status | Lost status | Source of classification or shelving scheme | Damaged status | Not for loan | Home library | Current library | Shelving location | Date acquired | Total Checkouts | Full call number | Barcode | Date last seen | Copy number | Price effective from | Koha item type |
|---|---|---|---|---|---|---|---|---|---|---|---|---|---|---|---|
| Dewey Decimal Classification | London | London | Basement | 17/01/2012 | RESERVE | 30077123 | 06/08/2019 | 1 | 06/08/2019 | Book |